Normal view
MARC view
- Uribe Prado, Jesús Felipe
Entry Nombre Personal
001 - NUMERO DE CONTROL
- campo de control: 40507
003 - IDENTIFICADOR DE NUMERO DE CONTROL
- campo de control: UPN
005 - FECHA Y HORA DE LA ÜLTIMA TRANSACCIÓN
- campo de control: 20210219194557.0
008 - DATOS DE LONGITUD FIJA
- campo de control de longitud fija: nabaccnnaabn|||||||||| b |nc|||||d
035 ## - NUMERO DE CONTROL
- Número de control: UPN11000012614
040 ## - FUENTE DE CATALOGACIÓN
- Lenguaje de catalogación: SPA
- Agencia de transcripción: UPN
100 1# - ENCABEZAMIENTO - NOMBRE PERSONAL
- Nombre personal: Uribe Prado, Jesús Felipe
670 ## - FUENTE EN LA QUE SE LOCALIZARON DATOS
- Cita de la fuente: T
- Uniform Resource Identifier: https://www.facebook.com/notes/editorial-el-manual-moderno/conoce-a-nuestros-autores-dr-jesús-felipe-uribe-prado/792749470809205/
680 ## - NOTA PUBLICA DE ACCESO PÚBLICO
- Frase explicativa de la referencia: Doctor en Psicología mexicano
902 ## - CATALOGADOR
- Catalogador: MMA/220817
